| 000 -CABECERA |
| fixed length control field |
01262nam a22002417a 4500 |
| 003 - IDENTIFICADOR DEL NÚMERO DE CONTROL |
| control field |
AR-CdUCM |
| 008 - DATOS DE LONGITUD FIJA--INFORMACIÓN GENERAL |
| fixed length control field |
190327b ||||| |||| 00| 0 spa d |
| 040 ## - FUENTE DE LA CATALOGACIÓN |
| Agencia/entidad que catalogó originalmente la obra |
MUNICIPALIDAD PROVINCIAL DEL CUSCO |
| Entidad que transcribió la catalogación |
BIBLIOTECA MUNICIPAL DEL CUSCO |
| 082 ## - NÚMERO DE LA CLASIFICACIÓN DECIMAL DEWEY |
| No. de Clasificación |
423.6 / |
| Notacion interna |
G24 |
| 100 ## - ENTRADA PRINCIPAL--NOMBRE DE PERSONA |
| Nombre Personal |
García-Pelayo y Gross, Ramón |
| 245 ## - MENCIÓN DE TÍTULO |
| Título |
Larousse : |
| Resto del título |
Diccionario Universal English Spanish / |
| 260 ## - PUBLICACIÓN, DISTRIBUCIÓN, ETC. |
| Lugar de publicación, distribución, etc. |
Lima : |
| Nombre de la editorial, distribuidor, etc. |
Editora de Publicaciones Gente, |
| Fecha de publicación, distribución, etc. |
1990. |
| 300 ## - DESCRIPCIÓN FÍSICA |
| Nº de Páginas Extensión |
26 tomos : |
| Dimensiones |
18 cm. |
| 505 ## - NOTA DE CONTENIDO CON FORMATO |
| Nota de contenido formateada |
Contenido: t.1. A-Anti -- t.2. Ant-Blo -- t.3. Blo-Coj -- t.4 Coj-Cho -- t.5. Cho-Dil -- t.6. Dil- Esc -- t.7. Esc-Gig -- t.8 Gig-Int -- t.9. Int-Mat -- t.10. Mat-Pec -- t.11. Pec-Rec -- t.12. Rec-Ter -- t.13. Ter-Zut -- t.14. A-Bugs -- t.15. Bui-Dec -- t.16. Dec-Fin -- t.17. Fin-Hig -- t.18. Hig-Lan -- t.19. Lan-Mon -- t.20. Mon-Pay -- t.21. Pay-Pur -- t.23. Rol-Sho -- t.24. Sho-Suf -- t.25. Suf-Und -- t.26. Und-Zyg. |
| 650 ## - PUNTO DE ACCESO ADICIONAL DE MATERIA--TÉRMINO DE MATERIA |
| Descriptor |
Lenguaje español |
| 9 (RLIN) |
24787 |
| 650 ## - PUNTO DE ACCESO ADICIONAL DE MATERIA--TÉRMINO DE MATERIA |
| Descriptor |
Diccionario |
| 9 (RLIN) |
5196 |
| 650 ## - PUNTO DE ACCESO ADICIONAL DE MATERIA--TÉRMINO DE MATERIA |
| Descriptor |
Español |
| 9 (RLIN) |
7869 |
| 650 ## - PUNTO DE ACCESO ADICIONAL DE MATERIA--TÉRMINO DE MATERIA |
| Descriptor |
Ingles |
| 9 (RLIN) |
7365 |
| 942 ## - ELEMENTOS DE PUNTO DE ACCESO ADICIONAL (KOHA) |
| Fuente de clasificación |
|
| Tipo de item |
Libros-BMC |
| 945 ## - PROCESAMIENTO DE INFORMACIÓN LOCAL (OCLC) |
| Catalogador |
pjha |